Findaproperty.com rental index (Record no. 120912)

MARC details
000 -LEADER
fixed length control field 00709cai a22001815a 4500
001 - CONTROL NUMBER
control field L153120
008 - FIXED-LENGTH DATA ELEMENTS--GENERAL INFORMATION
fixed length control field 110609u xxk g 000 0 eng d
035 ## - SYSTEM CONTROL NUMBER
System control number (Sirsi) u153120
041 0# - LANGUAGE CODE
Language code of text/sound track or separate title eng
110 2# - MAIN ENTRY--CORPORATE NAME
Corporate name or jurisdiction name as entry element Findaproperty
9 (RLIN) 5954
245 00 - TITLE STATEMENT
Title Findaproperty.com rental index
Medium [electronic resource]
520 ## - SUMMARY, ETC.
Summary, etc. Monitors changes in letting prices both annually and monthly. Provides a comprehensive view on the current state of the residential property market in England and Wales.
590 ## - LOCAL NOTE (RLIN)
Local note KA
651 #4 - SUBJECT ADDED ENTRY--GEOGRAPHIC NAME
Geographic name ENGLAND AND WALES
690 ## - LOCAL SUBJECT ADDED ENTRY--TOPICAL TERM (OCLC, RLIN)
Topical term or geographic name as entry element PROPERTY-RESIDENTIAL PROPERTY
856 40 - ELECTRONIC LOCATION AND ACCESS
Uniform Resource Identifier <a href="https://www.findaproperty.com/rental-index.aspx">https://www.findaproperty.com/rental-index.aspx</a>
Public note View the website free of charge at www.findaproperty.com
942 ## - ADDED ENTRY ELEMENTS (KOHA)
Suppress in OPAC 0
Holdings
Withdrawn status Lost status Source of classification or shelving scheme Damaged status Not for loan Home library Current library Shelving location Date acquired Total Checkouts Full call number Barcode Date last seen Copy number Price effective from Koha item type
    Dewey Decimal Classification     Virtual Virtual Online 09/06/2011   WEBSITE 153120-2001 06/08/2019 1 06/08/2019 Online material